00498nam a2200145 a 450000100100000000500170001000800410002704000250006804100130009308200160010624500960012226000460021830000300026450000580029400001675320200929164945.0100310s1985 dr c 000 0 spa d aDO-SdBNPbspacBNPHU17aspaheng axxxxbC357g00aCatálogo Guzmán de tarjetas postales, sobres y envolturas de la República Dominicana. aSanto Domingo :bImpresos La Fé,c1985. a47 p. :bretrs. ;c21 cm. aPrimer centenario del nacimiento de Juan Pablo Duarte